000
00312nam a2200133Ia 4500
008
230312s9999||||xx |||||||||||||| ||und||
082
_a
657
_b
QUE
245
0
_a
Question Papers and Suggested Answers
260
_b
ISHFAQ
_a
Lahore
_c
1988
300
_a
169
546
_a
Eng.
650
_a
Management
942
_c
BK
999
_c
1117
_d
1117